[Event "St.Petersburg Rapid 2016"]
[Site "St Petersburg RUS"]
[Date "2016.08.28"]
[Round "11.8"]
[White "Lintchevski, Daniil"]
[Black "Novik, Maxim"]
[Result "1-0"]
[WhiteTitle "GM"]
[BlackTitle "GM"]
[WhiteElo "2527"]
[BlackElo "2480"]
[WhiteFideId "4171055"]
[BlackFideId "4102924"]
[EventDate "2016.08.27"]

1. e4 c6 2. d4 d5 3. Nd2 dxe4 4. Nxe4 Bf5 5. Ng3 Bg6 6. h4 h6 7. Nf3 e6 8. h5
Bh7 9. Bd3 Bxd3 10. Qxd3 Nf6 11. Bd2 c5 12. Ne4 cxd4 13. Nxd4 Be7 14. O-O-O O-O
15. Bxh6 gxh6 16. Qg3+ Kh8 17. Nxe6 fxe6 18. Rxd8 Rxd8 19. Qg6 Nh7 20. Qxh6 Nc6
21. Qxe6 Re8 22. Qb3 Bf8 23. f3 Bh6+ 24. Kb1 Re7 25. Rd1 Rf8 26. a3 Ng5 27. Rd6
Nf7 28. Rg6 Nce5 29. Re6 Rfe8 30. Rxe7 Rxe7 31. Ng3 Nd6 32. Qd5 Nef7 33. Qd4+
Bg7 34. Qxa7 Re5 35. a4 Rg5 36. Ne4 Nxe4 37. fxe4 Rxg2 38. Qxb7 Rf2 39. a5 Ne5
40. a6 Rf7 41. Qxf7 1-0

[Event "St.Petersburg Rapid 2016"]
[Site "St Petersburg RUS"]
[Date "2016.08.28"]
[Round "11.10"]
[White "Yudin, Sergei"]
[Black "Dzhangobegov, Vladimir"]
[Result "1-0"]
[WhiteTitle "GM"]
[BlackTitle "FM"]
[WhiteElo "2539"]
[BlackElo "2270"]
[WhiteFideId "4159659"]
[BlackFideId "4180984"]
[EventDate "2016.08.27"]

1. e4 g6 2. d4 Bg7 3. Nc3 d6 4. g3 Nc6 5. d5 Nd4 6. Bg2 c5 7. Nge2 Bg4 8. O-O
Nf3+ 9. Kh1 Qd7 10. h3 h5 11. Ng1 Ng5 12. f3 Nxh3 13. fxg4 Nxg1 14. g5 h4 15.
Kxg1 Bd4+ 16. Kh2 f5 17. exf5 gxf5 18. Qf3 O-O-O 19. Be3 hxg3+ 20. Kg1 Rf8 21.
Bxd4 cxd4 22. Ne2 e5 23. dxe6 Qh7 24. Qxg3 Ne7 25. Qxd6 f4 26. Qd7+ 1-0

[Event "St.Petersburg Rapid 2016"]
[Site "St Petersburg RUS"]
[Date "2016.08.28"]
[Round "11.11"]
[White "Lavrov, Maxim1"]
[Black "Goganov, Aleksey"]
[Result "0-1"]
[WhiteTitle "IM"]
[BlackTitle "GM"]
[WhiteElo "2369"]
[BlackElo "2627"]
[WhiteFideId "4166418"]
[BlackFideId "24109959"]
[EventDate "2016.08.27"]

1. e4 c5 2. c3 d5 3. exd5 Qxd5 4. d4 Nc6 5. Nf3 Bf5 6. Be2 e6 7. O-O Nf6 8. Na3
a6 9. Nc4 Qd8 10. Nce5 Nxe5 11. Nxe5 Bd6 12. Bf3 Qc7 13. Bf4 O-O 14. Re1 cxd4
15. cxd4 Rac8 16. Rc1 Qb6 17. Rxc8 Rxc8 18. Qb3 Qxb3 19. axb3 Bb4 20. Rd1 Be4
21. Bxe4 Nxe4 22. Nd3 Be7 23. f3 Nf6 24. Bg5 h6 25. Bh4 g5 26. Bf2 Nd5 27. Nc5
b6 28. Nd3 Rc2 29. Kf1 f6 30. h3 Kf7 31. g4 Ke8 32. Re1 Rd2 33. Nc1 Rxb2 34.
Rxe6 Rb1 35. Re1 Kd7 36. Nd3 Rxb3 37. Ke2 a5 38. Ra1 a4 39. Be1 a3 40. Bd2 b5
41. Nc1 Rb2 42. Kd1 Bb4 0-1

[Event "St.Petersburg Rapid 2016"]
[Site "St Petersburg RUS"]
[Date "2016.08.28"]
[Round "11.12"]
[White "Indjic, Aleksandar"]
[Black "Nazaretyan, Tigran"]
[Result "0-1"]
[WhiteTitle "GM"]
[WhiteElo "2562"]
[BlackElo "2298"]
[WhiteFideId "911925"]
[BlackFideId "24162345"]
[EventDate "2016.08.27"]

1. d4 Nf6 2. c4 e6 3. Nf3 d5 4. Nc3 Be7 5. Bg5 h6 6. Bxf6 Bxf6 7. e3 O-O 8. Rc1
c6 9. h4 Re8 10. g4 e5 11. g5 exd4 12. Nxd4 hxg5 13. hxg5 Bxg5 14. cxd5 cxd5 15.
Bb5 Bd7 16. Qh5 Bh6 17. Bxd7 Nxd7 18. Nf5 Re6 19. Rg1 Kf8 20. Rd1 Qb6 21. Rd2
Nf6 22. Qh4 Ne4 23. Nxd5 Qa5 24. b4 Nxd2 25. bxa5 Nf3+ 26. Ke2 Nxh4 27. Nxh4 Re5
28. Nc3 Rc8 29. Kd3 Rxa5 30. a4 g6 31. Nf3 Bg7 32. Nd4 Bxd4 33. exd4 Rf5 34. Ne4
Rf3+ 35. Ke2 Ra3 36. Nc5 b6 37. Nd3 Rc2+ 38. Ke3 Rcc3 0-1